BIRD'S ENGINEERING MATHEMATICS / (Record no. 593390)

000 -LEADER
fixed length control field 00339nam a22001457a 4500
020 ## - INTERNATIONAL STANDARD BOOK NUMBER
Qualifying information PB.
040 ## - CATALOGING SOURCE
Transcribing agency FIZZA ISHAQ
082 ## - DEWEY DECIMAL CLASSIFICATION NUMBER
Classification number 620.00153
Author Mark JOH
100 ## - MAIN ENTRY--PERSONAL NAME
Personal name BIRD,JOHN.
245 ## - TITLE STATEMENT
Title BIRD'S ENGINEERING MATHEMATICS /
Statement of responsibility, etc. JOHN BIRD.
250 ## - EDITION STATEMENT
Edition statement 9TH EDITION.
260 ## - PUBLICATION, DISTRIBUTION, ETC.
Place of publication, distribution, etc.
Name of publisher, distributor, etc. ROUTLEDGE,
Date of publication, distribution, etc. 2021.
300 ## - PHYSICAL DESCRIPTION
Extent 742 P. ;
942 ## - ADDED ENTRY ELEMENTS (KOHA)
Source of classification or shelving scheme
Koha item type Book
Holdings
Withdrawn status Lost status Source of classification or shelving scheme Damaged status Not for loan Permanent Location Current Location Date acquired Total Checkouts Full call number Barcode Date last seen Price effective from Koha item type
          NUST Baluchistan Campus (NBC) NUST Baluchistan Campus (NBC) 02/21/2023   620.00153 JOH Q-6239 02/21/2023 02/21/2023 Book
© 2023 Central Library, National University of Sciences and Technology. All Rights Reserved.